Nástroje na spracovanie plastov : Vstrekovacie formy

Enregistré dans:
Détails bibliographiques
Auteurs principaux: Greškovič, František (Auteur), Spišák, Emil (Auteur), Dulebová, Ľudmila (Auteur)
Format: Livre
Langue:slovaque
Publié: Košice : SjF STU, 2010
Édition:1. vyd.
Collection:Edícia študijnej literatúry
Sujets:
Accès en ligne:OBSAH
Tags: Ajouter un tag
Pas de tags, Soyez le premier à ajouter un tag!

MARC

LEADER 00000nam a22000003a 4500
001 stu204490
005 20150617230051.9
008 100528s2010----xo------------------slo-d
020 |a 978-80-553-0350-5 
040 |a STU  |b slo 
041 0 |a slo 
044 |a xo 
080 |a 621.43.038 
100 1 |a Greškovič, František  |4 aut 
245 1 |a Nástroje na spracovanie plastov :  |b Vstrekovacie formy 
250 |a 1. vyd. 
260 |a Košice :  |b SjF STU,  |c 2010 
300 |a 220 s  |c 201 obr., 43 tab. 
650 7 |a spracovanie plastov  |2 stusub 
650 7 |a vstrekovacie formy  |2 stusub 
700 1 |a Spišák, Emil  |4 aut 
700 1 |a Dulebová, Ľudmila  |4 aut 
830 0 |a Edícia študijnej literatúry 
856 4 |a https://sweb.mtf.stuba.sk/obsahy/nastroje_na_spracovanie_plastov_10  |u https://sweb.mtf.stuba.sk/obsahy/nastroje_na_spracovanie_plastov_10  |3 OBSAH 
996 |b 284J037459  |c J*112764  |l JJST  |s P  |a 0  |w stu204490_0001 
996 |b 284M078467  |c M*12754-1  |l MMST  |s A  |a 24  |w stu204490_0002 
996 |b 284M078468  |c M*12754-2  |l MMST  |s A  |a 24  |w stu204490_0003 
996 |b 284M078469  |c M*12754-3  |l MMST  |s A  |a 24  |w stu204490_0004 
996 |b 284M078470  |c M*12754-4  |l MMKN  |s A  |a 24  |w stu204490_0005 
996 |b 284M078471  |c M*12754-5  |l MMKN  |s A  |a 24  |w stu204490_0006